000 00954nam a22002897a 4500
003 CHAP
005 20220329135940.0
008 971013s1983 r 00010 d
010 _a44547
011 _a45519
035 _a49658
040 _cCHAP
090 _aTesis
100 0 0 _aTeissier Zavala, Martha Honorina.
_9112004
245 _aDiseño de un sistema administrativo para una explotación agropecuaria mixta; el caso de una huerta nogalera
260 _aMonterrey, N.L. :
_bEl autor,
_c1983
300 _a63 h.
_b: tablas
502 _aTesis (Ing. Agr. Administrador) -- ITESM. Div. de Ciencias Agropecuarias y Marítimas
590 _aALEPH
_b10
_c20130110
_lUCH01
_h1314
590 _aBATCH-UPD
_b10
_c20130110
_lUCH01
_h1057
590 _aCONVERSION
_b10
_c20130109
_lUCH01
_h1324
650 1 4 _aEmpresas agropecuarias.
_936649
650 1 4 _aNogal.
_981544
901 _aBK
942 _cTESIS
949 _bBC
_cTES
_d-111932
_eTS1
_i49658
_si
999 _c44547
_d44547